Films de la saga Star Wars - Mort subite - Statistiques

Statistiques générales
  • Ce quiz a été pris 5 187 fois
  • Le résultat moyen est 7 sur 9
Answers on the Grid
Answers color-coded by a green-red scale on the quiz's grid according to % correct below.
La Menace Fantôme
L'Attaque des Clones
La Revanche des Sith
Un Nouvel Espoir
L'Empire contre-attaque
Le Retour du Jedi
Le Réveil de la Force
Les Derniers Jedi
L'Ascension de Skywalker
Le Retour de la Revanche de la Menace
La Revanche du Jedi
L'Attaque des Sith
Un Nouveau Jedi
Les Sith contre-attaque
Le Réveil du Jedi
Les Derniers Sith
Le Retour des Sith
L'Ascension des Jedi
 
Statistiques - réponses
Réponse % Correct
La Menace Fantôme
80%
L'Empire contre-attaque
80%
L'Attaque des Clones
76%
Le Réveil de la Force
76%
La Revanche des Sith
74%
Un Nouvel Espoir
74%
Le Retour du Jedi
73%
L'Ascension de Skywalker
72%
Les Derniers Jedi
64%
Aucun quiz correspondant
Distribution des résultats
% des personnes avec chaque résultat
Percentile par nombre de réponses
Votre historique - résultats
Vous n’avez pas pris ce quiz